| 000 | 00521nam a2200157Ia 4500 | ||
|---|---|---|---|
| 008 | 130318s9999 xx 000 0 und d | ||
| 082 | _a494.812321SUR/M.1 | ||
| 100 | _aSuranad Kunjan Pillai | ||
| 245 | _aMalayalam lexicon: A comprehensive Malayalam-Malayalam-English dictionary on histroical and philological principles. Vol 1 | ||
| 260 |
_bUniversity of Kerala _aTrivandrum _c1965 |
||
| 300 | _achap. i-clxxviii, 1-902, I1-102 | ||
| 650 | _aDICTIONARY | ||
| 650 | _aENGLISH | ||
| 650 | _aLEXICON | ||
| 650 | _aMALAYALAM | ||
| 999 |
_c2581 _d2581 |
||